000 00522nam a2200217Ia 4500
003 OSt
005 20220928143026.0
006 a|||||r|||| 00| 0
007 ta
008 220927b |||||||| |||| 00| 0 eng d
024 _a20375
037 _cTextual
040 _aSDCL
_cSDCL
_beng
041 _2eng
_aeng
082 _aE:221, M4
100 _aHeiniche Gerhard
_9504086
245 0 _aTribochemistry.
260 _c1984
942 _hE:221, M4
_cTEXL
_2CC
999 _c822503
_d822503